000 00535nam a22002057a 4500
003 koha_MIRAKIL
005 20231213095857.0
008 231213b |||||||| |||| 00| 0 ||| d
020 _b978-6-05-581319-2
040 _aTR-IsEVY
_btur
_cTR-IsEVY
082 _a915.61 DİN/T
100 _aDinç, Bünyad.
245 0 _aTürkiye’nin kültür mirası
_b100 doğa harikası
250 _a3. bs.
260 _bNTV,
_c2013
300 _a207 s.
650 _aTourism -- Turkey.
650 _aTurizm -- Türkiye.
942 _2ddc
_cBK
999 _c10893
_d10893